Nova Scotia Premiers - Statistics

General Stats
  • This quiz has been taken 5 times
  • The average score is 5 of 37
Answer Stats
Dates Party Affiliation Answer % Correct
1945-1954 (2nd) Liberal Angus Macdonald
67%
1933-1940 (1st) Liberal Angus Macdonald
67%
2021 Liberal Iain Rankin
67%
2006-2009 Progressive Conservative Rodney MacDonald
67%
2021-Present Progressive Conservative Tim Houston
67%
2009-2013 New Democrat Darrell Dexter
33%
1993-1997 Liberal John Savage
33%
1860-1863 Liberal Joseph Howe
33%
2013-2021 Liberal Stephen McNeil
33%
1940-1945 Liberal Alexander MacMillan
0%
1864-1867 Confederation Charles Tupper
0%
1991-1993 Progressive Conservative Donald Cameron
0%
1925-1930 Conservative Edgar Rhodes
0%
1923-1925 Liberal Ernest Armstrong
0%
1896-1923 Liberal George Henry Murray
0%
1967-1970 Progressive Conservative George Smith
0%
1970-1978 Liberal Gerald Regan
0%
1930-1933 Conservative Gordon Harrington
0%
1954 Liberal Harold Connolly
0%
1954-1956 Liberal Henry Hicks
0%
1867 Conservative Hiram Blanchard
0%
1863-1864 (2nd) Conservative James Johnston
0%
1857-1860 (1st) Conservative James Johnston
0%
1848-1854 Liberal James Uniacke
0%
1978-1990 Progressive Conservative John Buchanan
0%
1999-2006 Progressive Conservative John Hamm
0%
1882 Conservative J. Sparrow Thompson
0%
1875-1878 Liberal Philip Carteret Hill
0%
1956-1967 Progressive Conservative Robert Stanfield
0%
1990-1991 Progressive Conservative Roger Bacon
0%
1997-1999 Liberal Russell MacLellan
0%
1878-1882 Conservative Simon Holmes
0%
1867-1875 Anti-Confederation William Annand
0%
1884-1896 Liberal William Fielding
0%
1882-1884 Liberal William Thomas Pipes
0%
1860 (2nd) Liberal William Young
0%
1854-1857 (1st) Liberal William Young
0%
No matching quizzes found
Score Distribution
Percent of People with Each Score
Percentile by Number Answered
Your Score History
You have not taken this quiz